Participatory methods in community - based coastal resource management

Tallennettuna:
Bibliografiset tiedot
Aineistotyyppi: Kirja
Kieli:Undetermined
Julkaistu: Silang (Philippines) IIRR 1998
Aiheet:
Tagit: Lisää tagi
Ei tageja, Lisää ensimmäinen tagi!
Thư viện lưu trữ: Trung tâm Học liệu Trường Đại học Cần Thơ
LEADER 00772nam a2200193Ia 4500
001 CTU_149675
008 210402s9999 xx 000 0 und d
082 |a 333.91 
082 |b P273/Vol.1 
245 0 |a Participatory methods in community - based coastal resource management 
245 0 |c International Institute of Rural Reconstruction (IIRR) 
260 |a Silang (Philippines) 
260 |b IIRR 
260 |c 1998 
526 |a Nguyên lý quản lý tổng hợp vùng ven biển,Quản lý tổng hợp tài nguyên ven biển 
526 |b TSQ604,MT629 
650 |a Coastal resource management,Coastal ecology,Quản lý nguồn tài nguyên ven biển 
904 |i Nguyên 
980 |a Trung tâm Học liệu Trường Đại học Cần Thơ